2015-2016 NBA Statistical Leaders - Statistics

General Stats
  • This quiz has been taken 67 times
  • The average score is 8 of 12
Answer Stats
Stat Answer % Correct
Points Per Game: 30.1 Stephen Curry
98%
Steals Per Game: 2.14 Stephen Curry
98%
Triple Doubles: 18 Russell Westbrook
97%
Rebounds Per Game: 14.8 Andre Drummond
82%
Double Doubles: 66 Andre Drummond
82%
Field Goal %: .703 DeAndre Jordan
69%
Minutes Per Game: 38.1 James Harden
68%
Assists Per Game: 11.7 Rajon Rondo
58%
Usage Percentage: .35.4% DeMarcus Cousins
52%
Blocks Per Game: 3.68 Hassan Whiteside
34%
3 Point Field Goal %: .475 J.J. Redick
18%
Total Personal Fouls: 258 Giannis Antetokounmpo
6%
No matching quizzes found
Score Distribution
Percent of People with Each Score
Percentile by Number Answered
Your Score History
You have not taken this quiz